000 00414nam a2200181Ia 4500
008 221030s9999 xx 000 0 und d
020 _a0070584001
041 _aEnglish
082 _a105.23
_bBro
100 _aR. Bronson
245 0 _aSchaum`s Operations Research
250 _a2nd
260 _bTMH
_aNew Delhi
_c2006
300 _a456
650 _aMCA Management
700 _aG. Naadimuthu
942 _cBK
999 _c2613
_d2613